City by Largest Building - USA - Statistics

General Stats
  • This quiz has been taken 18 times
  • The average score is 7 of 16
Answer Stats
State City Building % Correct
Virginia Arlington / D.C The Pentagon
94%
Washington Seattle Warren G. Magnuson Health Sciences Center
94%
Nevada Las Vegas The Palazzo
81%
Illinois Chicago Willis Tower
75%
Michigan {Detroit} _______ Diesel
69%
Tennessee Memphis Nike North America Logistics Center
63%
Louisiana New Orleans Michoud Assembly Facility
56%
Alabama Mobile Austal USA
50%
Georgia Savannah Target's Georgia Import Warehouse
44%
Washington {Everett} Boeing _______ Factory
31%
South Carolina Spartanburg Michelin Distribution Center
13%
Michigan Auburn Hills Chrysler Headquarters and Technology Center
6%
California {Fremont} Tesla's _______ Factory
6%
Missouri Fulton Dollar General's Missouri Distribution Center
6%
Washington Richland 2800 Polar Way
6%
Texas Waller Daikin Texas Technology Park
6%
No matching quizzes found
Score Distribution
Percent of People with Each Score
Percentile by Number Answered
Your Score History
You have not taken this quiz